| 000 | 00469nam a2200157 i 4500 | ||
|---|---|---|---|
| 001 | 95202 | ||
| 003 | ES-MaACL | ||
| 005 | 20230906181645.0 | ||
| 007 | t| | ||
| 008 | 050524s1972 sp ||||1| spa d | ||
| 100 | 1 |
_aLumen, Christian. _974739 |
|
| 245 | 1 | 0 |
_aJuan y Nikita _b: diálogo entre la democracia y el comunismo / _cChristian Lumen. |
| 260 |
_aMadrid : _b[s.n.], _c1972 ( _fGráf. Benzal) |
||
| 300 |
_a108 p. ; _c18 cm. |
||
| 852 |
_aES-MaACL _jC-54409 _bR.83726 |
||
| 999 |
_c95202 _d95202 |
||